000 00522nam a2200181Ia 4500
008 090122s9999 xx 000 0 und d
082 _b11762
100 _aभावे
_bपु
_cभा
245 _aसार्थक
260 _bप्रतिमा
_c2002
300 _a152
501 _aज्ञानदा ग्रंथ वितरण / बि. नं.824-26.6.07
600 _aभावे
630 _aसार्थक
700 _aभावे
730 _aसार्थक
942 _cBOOK
999 _c35839
_d35839